Apuntes (poemas) : (Registro nro. 27582)
[ vista simple ]
| 000 -CABECERA | |
|---|---|
| campo de control de longitud fija | 00825nam a2200241 a 4500 |
| 001 - NÚMERO DE CONTROL | |
| campo de control | 000028090 |
| 003 - IDENTIFICADOR DEL NÚMERO DE CONTROL | |
| campo de control | DO-SdBNP |
| 005 - FECHA Y HORA DE LA ÚLTIMA TRANSACCIÓN | |
| campo de control | 20240514100521.0 |
| 008 - DATOS DE LONGITUD FIJA--INFORMACIÓN GENERAL | |
| campo de control de longitud fija | 110406s1993 dr a 000 0 spa d |
| 040 ## - FUENTE DE LA CATALOGACIÓN | |
| Centro catalogador/agencia de origen | DO-SdBNP |
| Lengua de catalogación | spa |
| Centro/agencia transcriptor | BNPHU |
| 049 ## - FONDOS LOCALES (OCLC) | |
| Fondos de biblioteca | BNPD |
| 082 #4 - NÚMERO DE LA CLASIFICACIÓN DECIMAL DEWEY | |
| Número de clasificación | xxx |
| Número de documento/Ítem | W373a |
| 100 1# - ENTRADA PRINCIPAL--NOMBRE DE PERSONA | |
| Nombre de persona | Weber, Delia |
| 9 (RLIN) | 19739 |
| 245 10 - MENCIÓN DE TÍTULO | |
| Título | Apuntes (poemas) : |
| Resto del título | en el espacio y en el tiempo sin espacio y sin tiempo / |
| Mención de responsabilidad, etc. | Delia Weber ; editor, Rodolfo Coiscou |
| 246 34 - FORMA VARIANTE DE TÍTULO | |
| Título propio/Titulo breve | Apuntes : en el espacio y en el tiempo sin espacio y sin tiempo (poemas) |
| 250 ## - MENCIÓN DE EDICIÓN | |
| Mención de edición | 2a. ed. |
| 260 ## - PUBLICACIÓN, DISTRIBUCIÓN, ETC. | |
| Lugar de publicación, distribución, etc. | Santo Domingo : |
| Nombre del editor, distribuidor, etc. | Islas, |
| Fecha de publicación, distribución, etc. | [1993]. |
| 300 ## - DESCRIPCIÓN FÍSICA | |
| Extensión | 65 p. ; |
| Dimensiones | 22 cm. |
| 533 ## - NOTA DE REPRODUCCIÓN | |
| Tipo de reproducción | Facsim. |
| Fecha de la reproducción | 1949 |
| 534 ## - NOTA SOBRE LA VERSIÓN ORIGINAL | |
| Encabezamiento principal del original | Facsim. |
| Publicación, distribución, etc. del original | Ciudad de Trujillo: Editorial La Palabra de Santo Domingo, 1949 |
| 700 ## - PUNTO DE ACCESO ADICIONAL--NOMBRE DE PERSONA | |
| Nombre de persona | Coiscou, Rodolfo , |
| Término indicativo de función/relación | editor |
| 9 (RLIN) | 84777 |
| 942 ## - ELEMENTOS DE PUNTO DE ACCESO ADICIONAL (KOHA) | |
| Fuente del sistema de clasificación o colocación | Dewey Decimal Classification |
| Tipo de ítem Koha | Libro |
| Estado de retiro | Estado de pérdida | No para préstamo | Código de colección | Localización permanente | Ubicación/localización actual | Ubicación en estantería | Fecha de adquisición | Número de inventario | Total de préstamos | Signatura topográfica completa | Código de barras | Fecha visto por última vez | Precio válido a partir de | Tipo de ítem Koha | Número de copia |
|---|---|---|---|---|---|---|---|---|---|---|---|---|---|---|---|
| Excluido de préstamo | Patrimonio Dominicano | Patrimonio Dominicano | Patrimonio Dominicano | En catalogación | 06.04.2011 | LF1 | xxx C679a | 28090-10 | 25.06.2020 | 25.06.2020 | Libro y Folleto Colección Patrimonio Dominicano | ||||
| Excluido de préstamo | Patrimonio Dominicano | Patrimonio Dominicano | Patrimonio Dominicano | En catalogación | 06.04.2011 | LF1 | xxx C679a | 28090-20 | 25.06.2020 | 25.06.2020 | Libro y Folleto Colección Patrimonio Dominicano | e. 2 |
